Сюита на коронацию Павла I. Печатное издание: СПб: Gerstenberg et Dittmar, [1797]. Хоровая партитура и оркестровые голоса

RUSMARC
00008726cbc2a2200000#x 450
001c835977e-57bb-4f0b-98d9-b37e11925cef
00520180806114715.0
2001#$aСюита на коронацию Павла I. Печатное издание: СПб: Gerstenberg et Dittmar, [1797]. Хоровая партитура и оркестровые голоса
$fО. Козловский
$e[ноты]
$j[1796-1797]
251##$cДокумент
300##$aНотное издание отпечатано на бумаге вертикального формата 35х26 с поперечными вержерами. Бумага рыхлая, по краям не обрезана
300##$aПосвящение: Six polonoises, Trios Menuets / et Six Contredanses / à / grand Orhestre / composèes / à l’occasion du Couronnement de L.L.M.M. / I.I. L’Empereur de toutes les Russies Paul I / et l’Impératrice Marie Fedorowna / Dèdièes / à S. M. I. L’Empereur / Paul I. / Par / Son très obeissant Serviteur / J. Koslovsky Amateur / Oeuv. 8 / À St Petersburg et Gotha ches Gestenberg et Dittmar. [Шесть полонезов, Три менуэта и Шесть контрдансов для большого оркестра составленные по случаю коронации.. Их Императорских величеств всея Руси Павла I и императрицы Марии Федоровны, посвященные Его Императорскому Величеству Павлу Первому его наипокорнейшим слугой Йозефом Козловским, любителем]
300##$aТитульная надпись на французском языке: Six polonoises, Trios Menuets / et Six Contredanses / à / grand Orhestre / composèes / à l’occasion du Couronnement de L.L.M.M. / I.I. L’Empereur de toutes les Russies Paul I / et l’Impératrice Marie Fedorowna / Dèdièes / à S. M. I. L’Empereur / Paul I. / Par / Son très obeissant Serviteur / J. Koslovsky Amateur / Oeuv. 8 / À St Petersburg et Gotha ches Gestenberg et Dittmar. Участие хора и рогового оркестра в титуле не обозначено
300##$aТитульная надпись заключена в гравированную рамку с графическим орнаментом; верх рамки украшен гербом Российской империи, включенным в круг с короной в его верхней части и с растительным орнаментом по бокам. В центре верхней части титула имеется штамп лилового цвета с надписью: "Из библиотеки ИМПЕРАТРИЦЫ Елизаветы Алексеевны"
300##$aНаучное название: О. А. Козловский. Шесть полонезов, три менуэта, шесть контрдансов для хора, симфонического и рогового оркестров с посвящением императору Павлу I. Партии симфонического и рогового оркестров, хоровая партитура
300##$aДатировано по: Сводный каталог российских нотных изданий. Том I: XVIII век / Сост. И. Ф. Безуглова, Н. Б. Захарьина, Т. Ф. Музычук. СПб.: Издательство Российской национальной библиотеки, 1996. С. 35—36. Номер доски 82
300##$aПри описании использованы материалы сайта РИИИ: http://www.bibl.artcenter.ru/books/13/
937##$hПБ
801#0$aRU
$bПБ им. Б.Н. Ельцина
$c20150202
801#1$aRU
$bПБ им. Б.Н. Ельцина
$2rusmarc
801#2$aRU
$bПБ им. Б.Н. Ельцина
$gRCR
$2rusmarc
100##$a20180806l17961797k y0rusy са
1010#$afre
102##$aDE
1222#$ad1796######
$ad1797######
215##$a27 л. (54 с.)
$d35х26
5171#$aО. А. Козловский. Шесть полонезов, три менуэта, шесть контрдансов для хора, симфонического и рогового оркестров с посвящением императору Павлу I. Партии симфонического и рогового оркестров, хоровая партитура
461#0$10013c3884a3-f840-4ef3-a235-25fe9e1c986b
$12001
$aСобрание нотных рукописей и редких изданий нот
$1251
$cФонд
$1852
$j2
462#0$1001bea061ef-5de4-4e6e-b1c6-e3c81318d8fd
$12000
$aОп. 1
$vЕд. хр. 558
$1251
$cОпись
$1852
$j1
852##$aКР РИИИ
$jЕд. хр. 558
850##$aКабинет рукописей Российского института истории искусств
125##$aay
128##$aop#
$bvu##
208##$aХоровая партитура
2250#$aФонд Собрание нотных рукописей и редких изданий нот
$hОпись № 1
700#1$3RU\NLR\AUTH\774403
$aКозловский
$bО. А.
$f1757-1831
$gОсип Антонович
330##$a"Коронационная сюита" была написана Козловским к коронационным торжествам в честь Павла Первого (1754-1801) и предназначалась Козловским для Церемониального бала в честь Павла Петровича и Марии Федоровны, который состоялся 8 апреля в Грановитой палате. Она состоит из 15 частей: 6 полонезов, 3 менуэта и 6 контрдансов. Император Павел Первый короновался 5 апреля 1797 года в Москве
600#0$2nlr_sh
$3RU\NLR\AUTH\66181028
$aПавел
$cимператор российский
$dI
$f1754 - 1801
605##$2acquisition_Prlib
$3DITM\AF\0000002775
$aВласть
$lколлекция
605##$2acquisition_Prlib
$3DITM\AF\0000004166
$aРоссия в лицах
$lколлекция
605##$2acquisition_Prlib
$3LIBNET\UAF\0000008152
$aДом Романовых
$lколлекция
6061#$2nlr_sh
$3RU\NLR\AUTH\66729152
$aСюита
6061#$2nlr_sh1
$3RU\NLR\AUTH\66190798
$aМузыка
$yРоссия
$z18 в.
686##$a85.313(2)5я01$vLBC/M$2rubbk
$2rubbk
$vLBC/M
Формат отображения